000 01466nam a2200265 a 4500
001
003 DO-SdBNP
005 20220325083204.0
008 190124s2016 dr a r 000 0 spa d
020 _a9789945167672
040 _aDO-SdBNP
_bspa
_cBPMSU
082 _a923.297293
_bP426P 2016
_222
100 1 _aPeralta Michel, José
_d 1941-1963
245 1 0 _aAlfredo Peralta Michel :
_bmártir de Las Manaclas /
_cJosé Peralta Michel; prólogo Frank Moya Pons
260 _aSanto Domingo :
_bBúho,
_c2016.
300 _a87 p. :
_bil. ;
_c26 cm.
505 _aCONTENIDO: --Alfredo Antonio en mi memoria --Fotografías de su niñez --La muerte de Alfredo Antonio y otros hechos de Las Manaclas --Poema póstumo --Ayuntamiento de La Vega declara Hijo meritorio póst-mortem --Pequeña semblanza de Alfredo --Un testimonio revelador de la ingente resistencia a la tiranía --Fotografías de Alfredo y el 14 de Junio --Peralta Michel cuenta muerte de su hermano --Comité organizador realiza actos en La Vega --Fotos en el Museo Memorial de Resistencia --Orgullosamente vivo en la calle Alfredo
590 _aInventariado, 2019 / DG
600 1 4 _aPeralta Michel, Alfredo Antonio
_d 1941-1963
_vHomenajes
650 4 _aResistencia civil
_z Las Manaclas (San José de las Matas, República Dominicana)
651 4 _aRepública Dominicana
_xHistoria
_yEra de Trujillo, 1930-1961
700 1 _aMoya Pons, Frank
_cprólogo
910 _aVMateo V.
942 _2ddc
_cBK
999 _c13921
_d13921